000 00369nam a22001457a 4500
003 macl
005 20171216132907.0
008 171216b xxu||||| |||| 00| 0 eng d
040 _cmacl
100 _aDua, R K
_969669
245 _aPersonality Development and Soft Skills
260 _aDelhi
_bSahitya Surbhi
_c2016
650 _aImprove Life
_969670
942 _2ddc
_cBK
999 _c57204
_d57204